| 000 -CABECERA |
| Campo de control de longitud fija |
00547nam a22001817a 4500 |
| 005 - FECHA Y HORA DE LA ÚLTIMA TRANSACCIÓN |
| Campo de control |
20250205105845.0 |
| 008 - CAMPO FIJO DE DESCRIPCIÓN FIJA--INFORMACIÓN GENERAL |
| Campo de control de longitud fija |
250205b ||||| |||| 00| 0 eng d |
| 020 ## - ISBN (INTERNATIONAL STANDARD BOOK NUMBER) |
| ISBN |
9788412707564 |
| 040 ## - FUENTE DE CATALOGACIÓN |
| Agencia de catalogación original |
CDMR |
| 100 1# - ENCABEZAMIENTO PRINCIPAL--NOMBRE PERSONAL |
| 9 (RLIN) |
843 |
| Nombre de persona |
Vilanova, Santiago |
| 245 ## - MENCIÓN DE TÍTULO |
| Título |
Els conspiradors del canvi climàtic |
| Mención de responsabilidad, etc. |
/ Santiago Vilanova |
| 260 ## - PUBLICACIÓN, DISTRIBUCIÓN, ETC (PIE DE IMPRENTA) |
| Lugar de publicación, distribución, etc. |
Barcelona : |
| Nombre del editor, distribuidor, etc. |
Lapislàtzuli, |
| Fecha de publicación, distribución, etc. |
2025 |
| 300 ## - DESCRIPCIÓN FÍSICA |
| Extensión |
189 pàgines |
| 490 ## - MENCIÓN DE SERIE |
| Mención de serie |
Lapislàtzuli Assaig |
| 650 #0 - ASIENTO SECUNDARIO DE MATERIA--TÉRMINO DE MATERIA |
| 9 (RLIN) |
4945 |
| Nombre de materia o nombre geográfico como elemento de entrada |
Ecologisme |
| 650 #0 - ASIENTO SECUNDARIO DE MATERIA--TÉRMINO DE MATERIA |
| 9 (RLIN) |
2077 |
| Nombre de materia o nombre geográfico como elemento de entrada |
Mitjans de comunicació de massa i medi ambient |
| 942 ## - ELEMENTOS KOHA |
| Fuente de clasificación o esquema de ordenación en estanterías |
|
| Koha tipo de item |
Monografies |